Fakta o sociálně ekonomickém rozvoji Československa po roce 1945

Saved in:
Bibliographic Details
Main Author: Čáp, Václav
Format: Book
Language:Czech
Published: Praha Svoboda 1985
Series:Malá politická knihovna
Tags: Add Tag
No Tags, Be the first to tag this record!

MARC

LEADER 00000nam a2200000 4500
001 c106212
005 20230105083745.9
041 0 |a cze 
044 |a CZ 
245 1 0 |a Fakta o sociálně ekonomickém rozvoji Československa po roce 1945  |c Václav Čáp a kol. 
264 1 |a Praha  |b Svoboda  |c 1985 
300 |a 213 s. 
490 1 |a Malá politická knihovna 
830 0 |a Malá politická knihovna 
100 1 |a Čáp, Václav